000 00543nam a22002057a 4500
008 240706b mp ||||| |||| 00| 0 mon d
035 _a23346
040 _aBH0164090
_bmon
_cMN-UlNLM
_dMN-UlNLM
_erda
041 _amon
042 _a99478
084 _2NNA
_a84/7/
_bР.58
100 _aРоулинг Ж.К
245 0 _aХарри Поттер ба галт цом
300 _aх.
336 _2rdacontent
_atext
_btxt
337 _2rdamedia
_aunmediated
_bn
338 _2rdacarrier
_avolume
_bnc
490 _v4
942 _2NNA
_cBK
999 _c1121161
_d1121218